| 000 | 00670nam a2200253 a 4500 | ||
|---|---|---|---|
| 001 | adlib96000001 | ||
| 003 | ViArRB | ||
| 005 | 200902210153555.7 | ||
| 008 | 960221s1955 dcuabcdjdbkoqu001 0deng d | ||
| 020 | _a0-330-41905-6 | ||
| 022 | _a | ||
| 040 | _aAdlib | ||
| 082 | _aF | ||
| 245 | _aMatter of honour | ||
| 250 | _a | ||
| 260 |
_aLondon _bHodder & Stoughton _c2003 |
||
| 300 |
_a429p. _c |
||
| 500 | _a | ||
| 100 |
_aArcher, Jeffrey _e |
||
| 700 |
_a _a |
||
| 942 | _cBK | ||
| 653 | _aFiction- English literature | ||
| 952 |
_w2010-06-16 _p00059686 _r2013-03-20 _40 _00 _bUL _m2 _10 _oF ARC/MA _d2010-06-16 _q2013-04-04 _70 _yBK _s2013-03-20 _l20 _aUL |
||
| 999 |
_c51650 _d51649 |
||